| 000 | 01311cam a22002891i 4500 | ||
|---|---|---|---|
| 003 | SA-RiAUC | ||
| 005 | 20251224131013.0 | ||
| 008 | 251222s1972 su g bc f00010 ara c | ||
| 040 |
_aSA-JeALM _bara _cSA-RiAUC _erda |
||
| 043 | _aa-su--- | ||
| 082 | 0 | 4 | _a011.310953121 |
| 090 |
_a011.310953121 _bج م ع |
||
| 100 | 1 |
_aجمعة، محمد صالح _eمؤلف. |
|
| 245 | 1 | 0 |
_aفهرس مخطوطات مكتبة الحرم المكي الشريف : _bقسم التاريخ-التراجم-السيرة النبوية / _cمحمد صالح جمعة. |
| 264 | 1 |
_aمكة المكرمة : _bمكتبة الحرم المكي الشريف، _c1973 |
|
| 300 |
_a[متعدد الترقيم] ؛ _c30 سم . |
||
| 336 |
_aنص _btxt _2rdacontent _3كتاب |
||
| 337 |
_aبدون وسيط _bn _2rdamedia |
||
| 338 |
_aمجلد _bnc _2rdacarrier |
||
| 610 | 2 | 7 |
_aالمسجد الحرام. _bالمكتبة _xمخطوطات _vفهارس _2aucnm |
| 650 | 7 |
_aالمخطوطات العربية _zمكة المكرمة _vببليوجرافيات _2aucsh |
|
| 650 | 7 |
_aالتاريخ _vببليوجرافيات _2aucsh |
|
| 650 | 7 |
_aالتراجم _vببليوجرافيات _2aucsh |
|
| 650 | 7 |
_aالسيرة النبوية _vببليوجرافيات _2aucsh |
|
| 942 |
_2ddc _cBOOK _n0 |
||
| 949 |
_aSA-JeALM _d251222 _uosman123 _n1 |
||
| 999 |
_c13660 _d13660 |
||